• 首页
  • 本馆介绍
  • 公告通知
  • 最新文献
  • 馆藏检索
  • 电子资源
  • 读者导购
  • 参考咨询
  • 我的图书馆
  • 登录
  • 详细信息显示
  • 放入我的书架
  • 预约/预借图书
  • 作者相关作品
  • 分类相关作品
  • 丛书相关作品
  • 出版社相关作品

书目信息

  • 表格格式
  • 工作单格式
  • 卡片格式
题名:
彭士禄传
    
 
作者: 杨新英 著
分册:  
出版信息: 北京   中国青年出版社  2016
页数: 338页
开本: 23cm
丛书名: 共和国科学拓荒者传记系列
单 册:
中图分类: K826.16
科图分类:
主题词:
电子资源:
ISBN: 978-7-5153-3899-6
000 00911oam2 2200265 450
001 2153126977
005 20211018173724.0
010    @a978-7-5153-3899-6@dCNY38.00
100    @a20160201d2016 em y0chiy0120 ea
101 0  @achi
102    @aCN@b110000
105    @aa z 000yb
106    @ar
200 1  @a彭士禄传@Apeng shi lu chuan@f杨新英著
210    @a北京@c中国青年出版社@d2016
215    @a338页@c照片@d23cm
225 2  @a共和国科学拓荒者传记系列@Agong he guo ke xue tuo huang zhe chuan ji xi lie@h第二辑
301    @a"978-7-5153-4018-0"取自全套包装外盒
330    @a本书是彭士禄院士的学术成长传记,根据彭士禄院士学习、工作和科学研究学术成长经历,介绍了彭士禄院士的一生。
461  0 @12001 @a共和国科学拓荒者传记系列
600  0 @a彭士禄@Apeng shi lu@x传记
690    @aK826.16@v5
701  0 @a杨新英@Ayang xin ying@4著
801  0 @aCN@b百万庄@c20211018
905    @b1310800-03@dK826.16@e264@f4
    
    彭士禄传/杨新英著.-北京:中国青年出版社,2016
    338页:照片;23cm.-(共和国科学拓荒者传记系列.第二辑)
    
    
    ISBN 978-7-5153-3899-6:CNY38.00
    本书是彭士禄院士的学术成长传记,根据彭士禄院士学习、工作和科学研究学术成长经历,介绍了彭士禄院士的一生。
●
相关链接 在E读中查询图书 在五车中查询图书 在当当中查询图书 在豆瓣中查询图书


正题名:彭士禄传     索取号:K826.16/264         预约/预借

序号 登录号 条形码 馆藏地/架位号 状态 备注
1 1310800   213108000   第二样本阅览室/ [索取号:K826.16/264] 在馆    
2 1310801   213108019   第二借阅区/ [索取号:K826.16/264] 在馆    
3 1310802   213108028   第二借阅区/ [索取号:K826.16/264] 在馆    
4 1310803   213108037   第二借阅区/ [索取号:K826.16/264] 在馆    
唐山师范学院图书馆 欢迎您!
大连网信软件有限公司© 版权所有